00688nam a2200241 a 4500001001300000003000900013005001700022008004100039020001000080082001800090100002300108245002400131260003300155300000900188500003500197505001000232650001800242700002300260902000800283942000700291952013100298999001700429nice12345678IN_TiNIC20260116013827.0050524s1997 dela grp 000 0 eng  ac25000a294.5924bLAL aLal, Surender Nath aSrimad Bhagwat Gita aDelhibDeni Book Depotc1997 a335p aincludes index and biblioraphy2 aIndex aBhagavad Gita1 aLal, Surender Nath bSRS cBK 001040708StackRoom-aHMIbHMId2007-07-26g250.00l1o294.5924 LALp017177r2016-10-24s2016-10-03v250.00w2005-05-24yBK c12699d12699